000 01294nam a2200313 i 4500
001 bg
245 0 0 _aEuropejskie Standardy Wyceny 2000 /
_c[tł. Tadeusz Dworkowski ; konsult. Mariusz Bilski [etc.] ; red. Ewa Hopfer].
246 1 _iTyt. oryg.:
_aEurpean Valuation Standards
250 _aWyd. pol.
260 _aWarszawa :
_bPolska Federacja Stowarzyszeń Rzeczoznawców Majątkowych,
_c2001.
300 _a375, [4] s. ;
_c24 cm.
490 1 _aBiblioteczka Rzeczoznawcy Majątkowego
500 _aTyt. oryg.: "Eurpean Valuation Standards" 2000. Prawidłowa nazwa aut. wg PB.
650 9 _aNieruchomości
_xwycena
_xnormalizacja
_zEuropa
_yod 1989 r.
650 9 _aRzeczoznawcy majątkowi
_xprawo wspólnotowe europejskie
_yod 1989 r.
700 1 _aDworakowski, Tadeusz.
_eTł.
700 1 _aBilski, Mariusz.
_eRed.
700 1 _aHopfer, Ewa.
_eRed.
830 _aBiblioteczka Rzeczoznawcy Majątkowego
020 _a8391630404
040 _cBPK
041 0 _apol
_heng
044 _aPOL
080 _a347.2:332.74](4-67)
920 _a83-916-304-0-4
942 _cKS
008 090408s2001 pl |001 0 pol
999 _c56243
_d56243
856 _uhttp://koha.tu.koszalin.pl/cgi-bin/koha/opac-detail.pl?biblionumber=56243
_yKatalog online BPK